ARRUPE JESUIT UNIVERSITY

CORONAVIRUS -STOP THE SPREAD - CLEAN,DISINFECT,COVER

Symbols of life: (Record no. 25369)

MARC details
000 -LEADER
fixed length control field 00698nam a2200253Ia 4500
003 - CONTROL NUMBER IDENTIFIER
control field 0100
005 - DATE AND TIME OF LATEST TRANSACTION
control field 20180308151503.0
008 - FIXED-LENGTH DATA ELEMENTS--GENERAL INFORMATION
fixed length control field 130303s9999 xx 000 0 und d
020 ## - INTERNATIONAL STANDARD BOOK NUMBER
International Standard Book Number 0869221728
040 ## - CATALOGING SOURCE
Transcribing agency ARRUPELIB
050 ## - LIBRARY OF CONGRESS CALL NUMBER
Classification number DT962.42A7713 1982
300 ## - PHYSICAL DESCRIPTION
Other physical details 332p. 22cm.
100 ## - MAIN ENTRY--PERSONAL NAME
Personal name Aschwanden, Herbert
9 (RLIN) 27349
245 ## - TITLE STATEMENT
Title Symbols of life:
Remainder of title an analysis of the consciousness of the Karanga /
260 ## - PUBLICATION, DISTRIBUTION, ETC. (IMPRINT)
Place of publication, distribution, etc Gweru
Name of publisher, distributor, etc Mambo Press
Date of publication, distribution, etc 1982
300 ## - PHYSICAL DESCRIPTION
Extent xviii
440 ## - SERIES STATEMENT/ADDED ENTRY--TITLE
Title Shona Heritage Series ; No. 3
9 (RLIN) 40407
650 ## - SUBJECT ADDED ENTRY--TOPICAL TERM
Topical term or geographic name as entry element Karanga (African People)
9 (RLIN) 37648
942 00 - ADDED ENTRY ELEMENTS (KOHA)
Koha issues (borrowed), all copies 5
Source of classification or shelving scheme Library of Congress Classification
Koha item type Monograph ( Printed materials)
Holdings
Withdrawn status Lost status Source of classification or shelving scheme Damaged status Not for loan Collection code Home library Current library Shelving location Date acquired Total Checkouts Full call number Barcode Date last seen Date checked out Copy number Price effective from Koha item type
    Library of Congress Classification     Main Collection ARRUPE LIBRARY ARRUPE LIBRARY Main Collection 04/03/2013 25 DT962.42A7713 1982 46600002475 25/04/2025 13/09/2024 2 04/03/2013 Monograph ( Printed materials)
    Library of Congress Classification       ARRUPE LIBRARY ARRUPE LIBRARY   12/09/2022 9 DT962.42A7713 1982 46003042778 04/06/2025 12/12/2024   12/09/2022 Monograph ( Printed materials)

 

Arrupe Library. PO Box MP320 Mt Pleasant, Harare, Zimbabwe
263 242 745411|librarian@aju.ac.zw